00368nam a2200145Ia 4500008004100000020001500041041001200056082001600068100001300084245004800097260003600145300000800181650001600189700001700205221030s9999 xx 000 0 und d a0070663548 aEnglish a105.23bHwa aK. Hwang 0aComputer Architecture & Parallel Processing bMcGraw Hill Pub.aNew Delhic0 a846 aBE Computer aF. A. Briggs